000 00424nam a22001457a 4500
005 20151022120447.0
008 151022b xxu||||| |||| 00| 0 eng d
040 _cPK-LaUMT
082 _aKHC 954.92
_bMUT-B
100 _aمطیع الرحمان
245 _aبنگلہ دیش
_bایک مطالعہ
_cمطیع الرحمان
260 _aملتان
_bنیشنل بک فاونڈیشن
_c1981
300 _a66 ص
942 _cBK
999 _c77733
_d77733